[Event "Montreal Quebec U1600 op"]
[Site "Montreal"]
[Date "1989.07.28"]
[Round "7"]
[White "Hristea, Dan"]
[Black "Tremblay, Sigfrid"]
[Result "1/2-1/2"]
[WhiteElo "1583"]
[BlackElo "1538"]
[PlyCount "50"]
[EventDate "1989.07.22"]
[EventType "tourn"]
[EventRounds "8"]
[EventCountry "CAN"]
[SourceTitle "EXT 2022"]
[Source "ChessBase"]
[SourceDate "2021.10.06"]
[SourceVersion "1"]
[SourceVersionDate "2021.10.06"]
[SourceQuality "1"]

1. d4 f5 2. c4 Nf6 3. g3 e6 4. Bg2 Be7 5. Nc3 0-0 6. Bg5 d6 7. Nf3 Nbd7 8. Qc2 e5 9. dxe5 Nxe5 10. Nxe5 dxe5 11. Rd1 Qe8 12. Nb5 Bd8 13. 0-0 a6 14. Nc3 e4 15. Nd5 Nxd5 16. Bxd8 Qxd8 17. Rxd5 Qe7 18. e3 Be6 19. Rd4 Rad8 20. Rfd1 Rd7 21. Rxd7 Bxd7 22. Qd2 Be6 23. Bf1 Qe8 24. Qa5 Qc6 25. Qd2 b6 1/2-1/2